000
00241nam a2200097Ia 4500
001
796390
005
20250826170746.0
008
250824s9999 xx 000 0 und d
245
0
_a
ASIM VE BİZ
_c
DURAN ÇETİN
260
_b
ATLI KARINCA YAYINLARI
999
_c
796390
_d
796390